| 000 | 00434pab a2200145 454500 | ||
|---|---|---|---|
| 008 | 180718b2017 xxu||||| |||| 00| 0 eng d | ||
| 100 | _aDatta, Samar K. | ||
| 245 | _aAgro-economic research: sustainability of self-help and joint-liability group institutions under micro-finance | ||
| 260 | _c2017 | ||
| 300 | _ap.37-44. | ||
| 362 | _aSep | ||
| 650 | _aMicrofinance | ||
| 773 | _aAgricultural Situation in India | ||
| 909 | _a117080 | ||
| 999 |
_c117074 _d117074 |
||